00893pam a2200265 a 45000010008000000030004000080050017000120080041000290100017000700200051000870400018001380430012001560820016001681000021001842450052002052600065002573000032003225000020003545040030003746510056004049060045004609420012005059990015005179520095005323804612OSt20230620131241.0850418s1985 enkb b 001 0 eng  a 85008520  a0435080083 (Heinemann : pbk.) :c$10.00 (est.) aDLCcDLCdDLC afb-----00a320.96bTAN1 aTangri, Roger K.10aPolitics in sub-Saharan Africa /cRoger Tangri. aLondon :bJ. Currey ;aPortsmouth, N.H. :bHeinemann,c1985. axi, 156 p. :bmap ;c22 cm. aIncludes index. aBibliography: p. 150-153. 0aAfrica, Sub-SaharanxPolitics and governmenty1960- a7bcbccorignewd1eocipf19gy-gencatlg 2ddccBK c1716d1716 00102ddc4070a002b002d2023-06-20l0o320.96 TANp10000116r2023-06-20w2023-06-20yBK